000 00828nam a22002897a 4500
003 CHAP
005 20220329140511.0
008 971013s1968 r 00010 d
010 _a52930
011 _a53902
035 _a58052
040 _cCHAP
082 _a511.8
_bR6 1968
100 0 0 _aRosenberg, R. Robert.
_9100118
245 _aBusiness mathematics
250 _a7 ed.
260 _aNew York :
_bGregg-Hill,
_c1968
300 _a576 p.
590 _aBATCH-UPD
_b10
_c20130110
_lUCH01
_h2122
590 _aBATCH-UPD
_b10
_c20130410
_lUCH01
_h1432
590 _aBATCH-UPD
_b10
_c20130914
_lUCH01
_h1408
590 _aCONVERSION
_b10
_c20130109
_lUCH01
_h1329
650 1 4 _aFinanzas
_xMatemáticas.
_940941
901 _aBK
942 _cLIBRO
949 _a511.8 R6 1968
_bBC
_cLIBRO
_d33724000407755
_eLIBRO
_h34392
_i58052
_si
999 _c52930
_d52930